000 00869nam a22002417a 4500
999 _c8021
_d8021
003 AR-CdUCM
008 190322b ||||| |||| 00| 0 spa d
040 _aMUNICIPALIDAD PROVINCIAL DEL CUSCO
_cBIBLIOTECA MUNICIPAL DEL CUSCO
082 _a624 /
_bD39
100 _aDean, F. E.
_922669
245 _aPuentes y túneles /
260 _aSalamanca :
_bAnaya,
_c1970.
300 _a48 páginas ;
_bilustraciones, figuras,
_c21 cm.
440 _aLa ciencia al descubierto.
_922629
505 _aContenido: Los primeros puentes -- Acueductos y viaductos -- Construcción en piedra -- Modelos puentes colgantes -- Los primeros túneles ...
650 _aTúneles
_922541
650 _aPuentes
_910044
650 _aIngeniería
_910043
700 _aRowland, Kurt (director)
_922633
700 _aAcs, Laszlo (ilustración)
_922670
942 _2ddc
_cLIBROS
945 _aachl